000 00679nam a2200241 a 4500
001 20593
003 BD-RjUL
005 20211209000603.0
008 140301s1948 enk 000 1 eng d
035 _aoxf98305839
035 _a(BD-RjUL)20655
_a(OCoLC)13864773
040 _aEQO
_cEQO
_beng
_dBD-RjUL
041 _aeng
082 0 4 _220
_a823.92
_bCOU 1948
100 1 _aConrad, Joseph
_d1857-1924.
_963537
245 1 0 _aUnder western eyes /
_cJoseph Conrad
250 _a17th ed.
260 _aLondon :
_bMethuen,
_c1948.
300 _a320 p. ;
_c19 cm.
650 _aTerrorism -- Fiction.
_963538
650 _aSaint Petersburg (Russia) -- Fiction.
_963539
942 _2ddc
_cBK
999 _c20593
_d20593